[Event "VIII. Karnevals-Open"]
[Site "Solingen"]
[Date "2017.02.25"]
[Round "2.24"]
[White "Vehmeyer, Thomas"]
[Black "Klugstedt, Vincent"]
[Result "1-0"]
[WhiteElo "1804"]
[BlackElo "1635"]
[PlyCount "75"]
[EventDate "2017.??.??"]

1. e4 c5 2. Nf3 Nc6 3. d4 cxd4 4. Nxd4 g6 5. Nc3 Bg7 6. Be3 Nf6 7. Be2 O-O 8.
g4 d6 9. g5 Ne8 10. h4 Nc7 11. h5 Ne6 12. Nb3 Bd7 13. Qd2 a5 14. a4 Rc8 15. f4
Nc7 16. O-O-O Nb4 17. hxg6 fxg6 18. Bc4+ Ne6 19. Bxe6+ Bxe6 20. Bd4 Bxd4 21.
Nxd4 Bd7 22. f5 Qe8 23. Ne6 Rf7 24. fxg6 Bxe6 25. gxf7+ Bxf7 26. Rxh7 Bh5 27.
Rh6 Bxd1 28. Qxd1 Qf7 29. Qh1 Qg7 30. Qh5 Rc7 31. Qe8+ Qf8 32. Rh8+ Kxh8 33.
Qxf8+ Kh7 34. Qf7+ Kh8 35. g6 Nd3+ 36. cxd3 Rxc3+ 37. bxc3 e5 38. Qf8# 1-0

[Event "VIII. Karnevals-Open"]
[Site "Solingen"]
[Date "2017.02.25"]
[Round "2.25"]
[White "Tanz, Manfred"]
[Black "Lukoviczki, Matyas"]
[Result "0-1"]
[WhiteElo "1629"]
[BlackElo "1782"]
[PlyCount "86"]
[EventDate "2017.??.??"]

1. d4 Nf6 2. Nf3 g6 3. e3 c5 4. c3 Nc6 5. Be2 Bg7 6. O-O d5 7. dxc5 e5 8. Bd2
Qc7 9. Be1 Ng4 10. Qxd5 f5 11. h3 h5 12. hxg4 hxg4 13. Nh2 Bd7 14. Na3 a6 15.
Nc4 O-O-O 16. Qd6 Bf8 17. Qxc7+ Kxc7 18. b4 Bg7 19. Nd6 Be6 20. b5 Ne7 21. bxa6
bxa6 22. Bxa6 Rh7 23. f4 Rdh8 24. Bg3 e4 25. Nb5+ Kc6 26. Nd4+ Bxd4 27. cxd4
Nd5 28. Bc4 Nxf4 29. Bxe6 Nxe6 30. Rab1 f4 31. exf4 Nxd4 32. Rb6+ Kxc5 33. Rxg6
Ne2+ 34. Kf2 Nxg3 35. Kxg3 Rxh2 36. Rxg4 Kd4 37. f5 Kd3 38. Rgf4 Rh1 39. Rxh1
Rxh1 40. f6 Rh8 41. f7 Rf8 42. Kf2 e3+ 43. Ke1 Rb8 0-1

[Event "VIII. Karnevals-Open"]
[Site "Solingen"]
[Date "2017.02.25"]
[Round "2.27"]
[White "Bashylina, Luisa"]
[Black "Brinkmann, Katharina"]
[Result "0-1"]
[WhiteElo "1538"]
[BlackElo "1777"]
[PlyCount "68"]
[EventDate "2017.??.??"]

1. e4 e6 2. d4 d5 3. e5 c5 4. c3 Nc6 5. Nf3 Bd7 6. Bd3 Qb6 7. dxc5 Bxc5 8. O-O
Qc7 9. b4 Bb6 10. Qe2 Nge7 11. Bb2 Ng6 12. Re1 Nf4 13. Qd2 Nxd3 14. Qxd3 Ne7
15. a4 a6 16. Nbd2 Rc8 17. Rec1 Qd8 18. c4 h6 19. b5 a5 20. Ba3 O-O 21. c5 Bc7
22. Rab1 f6 23. Qc3 Be8 24. Nb3 fxe5 25. Nxe5 Rf5 26. Re1 d4 27. Qg3 Ng6 28. f4
Nxf4 29. Qf3 Nd5 30. Qg3 Ne3 31. Nxd4 Bxe5 32. Nxe6 Bxg3 33. Nxd8 Bxe1 34. Rxe1
Rxd8 0-1

[Event "VIII. Karnevals-Open"]
[Site "Solingen"]
[Date "2017.02.25"]
[Round "2.28"]
[White "Humbek, Olav"]
[Black "Ipekyilmaz, Mert"]
[Result "1/2-1/2"]
[WhiteElo "1762"]
[BlackElo "1533"]
[PlyCount "106"]
[EventDate "2017.??.??"]

1. e4 e6 2. d4 d5 3. e5 c5 4. Qg4 cxd4 5. Nf3 Nc6 6. Bd3 Nge7 7. O-O Ng6 8. Re1
Bd7 9. h4 h5 10. Qg3 Nge7 11. a3 g6 12. Bg5 Qb6 13. Nbd2 Nf5 14. Bxf5 exf5 15.
Bf6 Rg8 16. b4 Be7 17. Bxe7 Nxe7 18. Nb3 Nc6 19. Qg5 Qd8 20. Qf4 Be6 21. b5 Ne7
22. Nbxd4 Qd7 23. Rac1 Rc8 24. Qd2 b6 25. Ng5 Rh8 26. Re3 Kf8 27. Rg3 Ke8 28.
Ngxe6 fxe6 29. Qg5 Rf8 30. Nc6 Nxc6 31. bxc6 Rxc6 32. Qxg6+ Qf7 33. Qh6 Rg8 34.
Rxg8+ Qxg8 35. Qxh5+ Qf7 36. Qe2 Rc4 37. g3 Re4 38. Qb5+ Qd7 39. Qxd7+ Kxd7 40.
f4 Re3 41. Kg2 Rxa3 42. h5 Rc3 43. Kh3 Rc8 44. Kh4 Rg8 45. Ra1 a5 46. Ra3 Rg4+
47. Kh3 Rg8 48. Rc3 Rg4 49. h6 Rg6 50. Kg2 Rxh6 51. Kf2 Rh8 52. Ke2 Rb8 53. Kd3
Rc8 1/2-1/2

[Event "VIII. Karnevals-Open"]
[Site "Solingen"]
[Date "2017.02.25"]
[Round "2.29"]
[White "Toval, David"]
[Black "Poschadel, Andreas Gregor"]
[Result "1-0"]
[WhiteElo "1739"]
[BlackElo "1442"]
[PlyCount "35"]
[EventDate "2017.??.??"]

1. e4 e5 2. Nf3 Nc6 3. Bb5 a6 4. Ba4 Nf6 5. O-O d6 6. Re1 Bd7 7. c3 Be7 8. d4
exd4 9. cxd4 O-O 10. Nbd2 b5 11. Bc2 Re8 12. Nf1 Bf8 13. Ng3 Na5 14. Bg5 Be7
15. Qd3 h6 16. e5 hxg5 17. exf6 Bxf6 18. Qh7+ 1-0

[Event "VIII. Karnevals-Open"]
[Site "Solingen"]
[Date "2017.02.25"]
[Round "2.30"]
[White "Berelowitsch, Dana"]
[Black "Foth, Stefan"]
[Result "1-0"]
[WhiteElo "1528"]
[BlackElo "1735"]
[PlyCount "69"]
[EventDate "2017.??.??"]

1. e4 e6 2. d4 d5 3. Nc3 Bb4 4. a3 Bxc3+ 5. bxc3 dxe4 6. Qg4 Qf6 7. Qxe4 Ne7 8.
Nf3 Qf5 9. Bd3 Qxe4+ 10. Bxe4 Nbc6 11. Bf4 f5 12. Bxc6+ bxc6 13. Bxc7 Ba6 14.
Kd2 O-O 15. Rhe1 Nd5 16. Bd6 Rfe8 17. Ng5 Rad8 18. Be5 Nb6 19. Bg3 Bc4 20. Nf3
Bd5 21. Ne5 Bxg2 22. f3 c5 23. Bf2 cxd4 24. cxd4 Rc8 25. Rg1 Nc4+ 26. Nxc4 Rxc4
27. Rxg2 Rec8 28. Ra2 e5 29. d5 Rc3 30. Bxa7 Rxf3 31. Rg3 Rf4 32. d6 Ra4 33.
Bb6 Rc6 34. Rd3 Rxb6 35. d7 1-0

[Event "VIII. Karnevals-Open"]
[Site "Solingen"]
[Date "2017.02.25"]
[Round "2.31"]
[White "Bungarten, Jona"]
[Black "Falkenberg, Hendrik"]
[Result "0-1"]
[WhiteElo "1716"]
[BlackElo "1843"]
[PlyCount "91"]
[EventDate "2017.??.??"]

1. e4 c5 2. d4 cxd4 3. c3 dxc3 4. Nxc3 Nc6 5. Nf3 d6 6. Bc4 a6 7. O-O Nf6 8.
Qe2 Bg4 9. Rd1 e6 10. Bf4 b5 11. Bb3 e5 12. Be3 Be7 13. Rac1 Rc8 14. h3 Bh5 15.
Nd5 O-O 16. a4 bxa4 17. Bxa4 Nxd5 18. exd5 Nb4 19. Qd2 a5 20. Rxc8 Qxc8 21. Rc1
Qb7 22. Bc6 Qa6 23. Ne1 h6 24. Bd7 Bd8 25. Bf5 Bg6 26. Bxg6 fxg6 27. Nc2 Qb5
28. Nxb4 axb4 29. Rc6 Ba5 30. Rxd6 b3 31. Qc1 Qe2 32. Rxg6 Be1 33. Qc5 Qxb2 34.
d6 Bxf2+ 35. Kh2 Qc2 36. Rxg7+ Kxg7 37. Qxe5+ Kg8 38. Qe6+ Rf7 39. d7 Qc7+ 40.
Kh1 Qxd7 41. Qxb3 Bxe3 42. Qb8+ Kh7 43. Qb1+ Qf5 44. Qe1 Qf1+ 45. Qxf1 Rxf1+
46. Kh2 0-1

[Event "VIII. Karnevals-Open"]
[Site "Solingen"]
[Date "2017.02.25"]
[Round "2.32"]
[White "Fodor, Bernhard"]
[Black "Weinkauf, Viktor"]
[Result "0-1"]
[WhiteElo "1297"]
[BlackElo "1713"]
[PlyCount "58"]
[EventDate "2017.??.??"]

1. f4 d5 2. Nf3 c5 3. g3 Nf6 4. d3 Nc6 5. Nc3 d4 6. Ne4 Nd5 7. a3 f5 8. Neg5 h6
9. Nh3 e5 10. Nxe5 Nxe5 11. fxe5 g5 12. Bg2 Be6 13. O-O Qd7 14. Bd2 O-O-O 15.
Bxd5 Qxd5 16. c3 f4 17. Nxf4 gxf4 18. Bxf4 Bg7 19. Qa4 Bh3 20. Rf2 Bxe5 21.
Bxe5 Qxe5 22. Qxa7 Rhf8 23. cxd4 Qxd4 24. Qa8+ Kc7 25. Qa5+ b6 26. Qe1 Qe3 27.
b4 Rd6 28. bxc5 Rdf6 29. cxb6+ Kb8 0-1

[Event "VIII. Karnevals-Open"]
[Site "Solingen"]
[Date "2017.02.25"]
[Round "2.33"]
[White "Harnack, Dr. Bernhard"]
[Black "Eich, Philipp"]
[Result "0-1"]
[WhiteElo "1711"]
[BlackElo "1307"]
[PlyCount "94"]
[EventDate "2017.??.??"]

1. e3 b6 2. f4 g6 3. Nf3 Nc6 4. c3 Bg7 5. d4 d6 6. Bb5 Bd7 7. Qe2 e6 8. e4 Nce7
9. Bxd7+ Qxd7 10. Be3 c5 11. Nbd2 Nh6 12. h3 f5 13. dxc5 bxc5 14. O-O O-O 15.
Rad1 Qb7 16. exf5 Nhxf5 17. Bxc5 dxc5 18. Qxe6+ Kh8 19. Nc4 Rad8 20. Ng5 Nc6
21. Nd6 Nxd6 22. Rxd6 Rxd6 23. Qxd6 Rd8 24. Qe6 Rf8 25. Rd1 h6 26. Rd7 Qxb2 27.
Nf7+ Kh7 28. Qe3 Qxa2 29. Qe4 Rxf7 30. Rxf7 Qxf7 31. Qxc6 Qe7 32. Qf3 Qe1+ 33.
Kh2 Qxc3 34. Qg4 a5 35. h4 h5 36. Qd7 Qd4 37. Qf7 c4 38. f5 Qf4+ 39. Kh1 Qf1+
40. Kh2 Qf4+ 41. Kh1 Qf1+ 42. Kh2 Qxf5 43. Qxc4 Be5+ 44. Kg1 Qb1+ 45. Kf2 Qf5+
46. Kg1 Qf4 47. Qb5 Bd4+ 0-1

[Event "VIII. Karnevals-Open"]
[Site "Solingen"]
[Date "2017.02.25"]
[Round "2.34"]
[White "Zettl, Thomas"]
[Black "Reinacher, Detlev"]
[Result "1-0"]
[WhiteElo "1926"]
[BlackElo "1705"]
[PlyCount "59"]
[EventDate "2017.??.??"]

1. e4 d6 2. c4 Nf6 3. Nc3 g6 4. d4 Bg7 5. Be2 O-O 6. Be3 c6 7. f3 Nbd7 8. Qd2
Re8 9. h4 Qc7 10. Bh6 Bh8 11. h5 e5 12. d5 Nf8 13. g4 c5 14. O-O-O a6 15. Nh3
Bd7 16. Ng5 Qa5 17. Bxf8 Rxf8 18. hxg6 fxg6 19. Rh4 Rfe8 20. Rdh1 Re7 21. Bd3
Be8 22. Qh2 Qc7 23. Ne6 Qa5 24. f4 b5 25. fxe5 dxe5 26. Qf2 b4 27. Nd1 Bd7 28.
g5 Nh5 29. Qxc5 Qd8 30. Nxd8 1-0

[Event "VIII. Karnevals-Open"]
[Site "Solingen"]
[Date "2017.02.25"]
[Round "2.35"]
[White "Coenen, Siegfried"]
[Black "Hufnagel, Markus"]
[Result "0-1"]
[WhiteElo "1982"]
[BlackElo "1680"]
[PlyCount "84"]
[EventDate "2017.??.??"]

1. e4 c5 2. Nf3 Nc6 3. c3 d5 4. Qa4 dxe4 5. Ne5 Bd7 6. Nxd7 Qxd7 7. Qxe4 Nf6 8.
Qa4 e5 9. Bb5 Bd6 10. Na3 O-O 11. Nc4 Bc7 12. Ne3 Qd6 13. Qh4 e4 14. Nf5 Qe6
15. Bxc6 Qxf5 16. Bxb7 Rab8 17. Ba6 Nd5 18. Qh3 Qg6 19. Bf1 Nf4 20. Qd7 Bd6 21.
g3 Nd3+ 22. Bxd3 exd3 23. O-O Rbd8 24. Qxa7 h5 25. Qb7 h4 26. Qg2 hxg3 27. hxg3
c4 28. b3 Rc8 29. f4 Rfe8 30. b4 Re2 31. Rf2 Rce8 32. Bb2 Bc7 33. Kf1 Bb6 34.
Rxe2 Rxe2 35. Qa8+ Kh7 36. Qh1+ Kg8 37. Qf3 Qh6 38. g4 Rh2 39. Qa8+ Kh7 40.
Qe4+ g6 41. Qf3 Rh1+ 42. Kg2 Qh2# 0-1

[Event "VIII. Karnevals-Open"]
[Site "Solingen"]
[Date "2017.02.25"]
[Round "3.1"]
[White "Scholzen, Wolfgang"]
[Black "Xu, Xianliang"]
[Result "0-1"]
[WhiteElo "2076"]
[BlackElo "2323"]
[PlyCount "68"]
[EventDate "2017.??.??"]

1. d4 Nf6 2. Nf3 g6 3. c4 Bg7 4. Nc3 O-O 5. Bg5 c5 6. d5 d6 7. e4 h6 8. Bh4 Bg4
9. Be2 Nbd7 10. Nd2 Bxe2 11. Qxe2 Nh5 12. Bg3 Qa5 13. Nd1 a6 14. O-O b5 15. f4
Nxg3 16. hxg3 Qa4 17. Qd3 Bd4+ 18. Kh1 Nb6 19. Qb3 Rfb8 20. Rb1 Qxb3 21. axb3
Nd7 22. Nc3 bxc4 23. bxc4 Nf6 24. Rf3 Ng4 25. b3 a5 26. Nb5 a4 27. Nxd4 cxd4
28. b4 Ne3 29. b5 a3 30. Rc1 a2 31. Nb3 Ra4 32. Rf2 Nxc4 33. Rff1 Ne3 34. Rfe1
Rxb5 0-1

[Event "VIII. Karnevals-Open"]
[Site "Solingen"]
[Date "2017.02.25"]
[Round "3.2"]
[White "Marcziter, Dr. Dmitrii"]
[Black "Bub, Volker"]
[Result "1-0"]
[WhiteElo "2277"]
[BlackElo "2095"]
[PlyCount "79"]
[EventDate "2017.??.??"]

1. Nf3 Nf6 2. c4 g6 3. g3 Bg7 4. Bg2 O-O 5. O-O d6 6. d4 c6 7. Nc3 Nbd7 8. e4
e5 9. h3 Qb6 10. Re1 exd4 11. Nxd4 Ne8 12. Nf3 Qb4 13. Bf1 Ne5 14. Nxe5 dxe5
15. a3 Qe7 16. b4 Nc7 17. Be3 Ne6 18. Bg2 f5 19. exf5 gxf5 20. Qc2 Qf7 21. f4
Nd4 22. Qf2 Rd8 23. fxe5 Bxe5 24. Bg5 Bf6 25. Bxf6 Qxf6 26. Rad1 Ne6 27. Ne4
Qf8 28. Rxd8 Nxd8 29. Ng5 h6 30. Nf3 Be6 31. c5 a5 32. Nd4 Bd7 33. Bf1 axb4 34.
Bc4+ Kh8 35. axb4 Qg7 36. Qf4 Ra3 37. Kh2 Rc3 38. Re7 Rxc4 39. Rxg7 Kxg7 40.
Nxf5+ 1-0

[Event "VIII. Karnevals-Open"]
[Site "Solingen"]
[Date "2017.02.25"]
[Round "3.3"]
[White "Flesch, Dr. Stefan"]
[Black "Küppers, Timo"]
[Result "1-0"]
[WhiteElo "2073"]
[BlackElo "2202"]
[PlyCount "81"]
[EventDate "2017.??.??"]

1. d4 Nf6 2. c4 e6 3. Nc3 Bb4 4. e3 O-O 5. Bd2 b6 6. Nf3 Bb7 7. Be2 d6 8. O-O
Nbd7 9. a3 Bxc3 10. Bxc3 Ne4 11. Rc1 f5 12. Ne1 Rf6 13. f3 Nxc3 14. Rxc3 Rh6
15. g3 Qe8 16. Rf2 Nf6 17. Rc1 Rd8 18. b4 g5 19. b5 Qg6 20. Nd3 Nh5 21. Nb4 g4
22. Nc6 Bxc6 23. bxc6 gxf3 24. Bxf3 Nf6 25. Rg2 Qg5 26. Rc3 Ng4 27. e4 Re8 28.
Qc1 Qg7 29. Qd2 Kh8 30. exf5 exf5 31. Bxg4 Qxg4 32. d5 Rf6 33. Rc1 Rf7 34. Rf2
Rfe7 35. Qc3+ Re5 36. Rcf1 Kg8 37. Rf4 Qh3 38. Rh4 Re3 39. Qf6 Rxg3+ 40. hxg3
Qxg3+ 41. Kh1 1-0

[Event "VIII. Karnevals-Open"]
[Site "Solingen"]
[Date "2017.02.25"]
[Round "3.4"]
[White "Arndt, Stefan"]
[Black "Görke, Joachim"]
[Result "1/2-1/2"]
[WhiteElo "2197"]
[BlackElo "2075"]
[PlyCount "33"]
[EventDate "2017.??.??"]

1. e4 e5 2. Nf3 Nc6 3. Bc4 Bc5 4. b4 Bxb4 5. c3 Bd6 6. d4 Nf6 7. O-O O-O 8.
Nbd2 h6 9. Re1 Re8 10. Bb2 Bf8 11. Qb3 Qe7 12. Nxe5 Nxe5 13. dxe5 Ng4 14. Nf3
b5 15. Qxb5 Qc5 16. Qxc5 Bxc5 17. Nd4 1/2-1/2

[Event "VIII. Karnevals-Open"]
[Site "Solingen"]
[Date "2017.02.25"]
[Round "3.5"]
[White "Kutzner, Joachim"]
[Black "Moser, Axel"]
[Result "1-0"]
[WhiteElo "2043"]
[BlackElo "2178"]
[PlyCount "67"]
[EventDate "2017.??.??"]

1. e4 c5 2. Nf3 Nc6 3. Nc3 d6 4. Bb5 Bd7 5. O-O Nf6 6. Re1 e6 7. d4 cxd4 8.
Nxd4 Be7 9. Nxc6 bxc6 10. Ba4 e5 11. Bg5 Qc7 12. Qd3 O-O 13. Rad1 Rad8 14. Bxf6
Bxf6 15. Qc4 Rc8 16. Bb3 Kh8 17. Ne2 Rcd8 18. Nc3 Rc8 19. Ne2 Be7 20. Kh1 f5
21. f4 fxe4 22. fxe5 d5 23. Qd4 Rf5 24. c4 Rxe5 25. cxd5 c5 26. Qe3 Bd6 27. Ng3
Rce8 28. Bc2 Qd8 29. Rf1 Qh4 30. Rf4 Bg4 31. Rdf1 h6 32. h3 Rg5 33. Rxe4 Be5
34. Rxe5 1-0

[Event "VIII. Karnevals-Open"]
[Site "Solingen"]
[Date "2017.02.25"]
[Round "3.6"]
[White "Terhuven, Patrick"]
[Black "Müdder, Rafael"]
[Result "1-0"]
[WhiteElo "2157"]
[BlackElo "2029"]
[PlyCount "69"]
[EventDate "2017.??.??"]

1. d4 Nf6 2. Nf3 c5 3. d5 b5 4. Bg5 Qb6 5. a4 h6 6. Bxf6 Qxf6 7. Nbd2 d6 8.
axb5 Qxb2 9. e4 Nd7 10. Bd3 g6 11. O-O Bg7 12. Rb1 Qf6 13. Nc4 O-O 14. Na5 e6
15. dxe6 fxe6 16. e5 Qf4 17. exd6 Ne5 18. Nxe5 Bxe5 19. g3 Qa4 20. Nc4 Bd4 21.
Qg4 Rf6 22. Qe4 Rb8 23. Ne5 Bb7 24. Nc6 Qa2 25. Rbe1 e5 26. Re2 Qf7 27. c3 c4
28. cxd4 cxd3 29. Qxd3 Rxd6 30. Nxb8 Rxd4 31. Qc3 Qd5 32. Nc6 Qxb5 33. Nxd4
exd4 34. Qc7 Qd5 35. Re8# 1-0

[Event "VIII. Karnevals-Open"]
[Site "Solingen"]
[Date "2017.02.25"]
[Round "3.7"]
[White "Daverkausen, Bernd"]
[Black "Mukovskiy, Peter"]
[Result "1-0"]
[WhiteElo "2124"]
[BlackElo "1163"]
[PlyCount "55"]
[EventDate "2017.??.??"]

1. Nf3 c5 2. c4 Nc6 3. d4 cxd4 4. Nxd4 g6 5. e4 Bg7 6. Nc2 d6 7. Be2 Nf6 8. Nc3
O-O 9. O-O Bd7 10. Rb1 Rc8 11. f4 Qc7 12. b4 a6 13. Be3 e6 14. Qd2 Ne7 15. Rfc1
Bc6 16. Bf3 b6 17. b5 Bb7 18. bxa6 Bxa6 19. Bxb6 Qxc4 20. Ne3 Qd3 21. Qe1 Ng4
22. Nxg4 Bxc3 23. Qd1 Qxd1+ 24. Rxd1 Bc4 25. a4 Rb8 26. a5 Ba6 27. Rbc1 Bg7 28.
Bc7 1-0

[Event "VIII. Karnevals-Open"]
[Site "Solingen"]
[Date "2017.02.25"]
[Round "3.8"]
[White "Pauls, Wilhelm"]
[Black "Fichtner, Ewald"]
[Result "1-0"]
[WhiteElo "2009"]
[BlackElo "2049"]
[PlyCount "37"]
[EventDate "2017.??.??"]

1. e4 c6 2. d4 d5 3. exd5 cxd5 4. c4 Nf6 5. Nc3 Nc6 6. Nf3 Bg4 7. cxd5 Nxd5 8.
Qb3 Bxf3 9. gxf3 e6 10. Qxb7 Nxd4 11. Bb5+ Nxb5 12. Qc6+ Ke7 13. Qxb5 Qd7 14.
Nxd5+ Qxd5 15. Qxd5 exd5 16. Be3 Ke6 17. O-O Bd6 18. Rfe1 Bb4 19. Bd2+ 1-0

[Event "VIII. Karnevals-Open"]
[Site "Solingen"]
[Date "2017.02.25"]
[Round "3.9"]
[White "Coenen, Michael"]
[Black "Harringer, Dr. Manfred"]
[Result "1-0"]
[WhiteElo "2379"]
[BlackElo "2004"]
[PlyCount "59"]
[EventDate "2017.??.??"]

1. e4 e5 2. Nf3 Nc6 3. Bb5 a6 4. Ba4 Nf6 5. O-O Be7 6. Re1 b5 7. Bb3 O-O 8. h3
d6 9. a3 Nb8 10. d3 Nbd7 11. Ba2 Nc5 12. b4 Ne6 13. Nbd2 Nf4 14. d4 N6h5 15.
dxe5 dxe5 16. Bb2 Bd6 17. Nf1 Qe7 18. Ne3 g6 19. Ng4 Bxg4 20. hxg4 Nf6 21. g5
Nd7 22. Qd2 Rad8 23. g3 Ne6 24. Rad1 Nb6 25. Qe3 Nc4 26. Bxc4 bxc4 27. Rd5 c6
28. Ra5 c5 29. Nxe5 Nd4 30. Ng4 1-0

[Event "VIII. Karnevals-Open"]
[Site "Solingen"]
[Date "2017.02.25"]
[Round "3.10"]
[White "Tayyar, Alptug"]
[Black "Speck, Stefan"]
[Result "0-1"]
[WhiteElo "2002"]
[BlackElo "1989"]
[PlyCount "96"]
[EventDate "2017.??.??"]

1. e4 c5 2. Nf3 e6 3. d4 cxd4 4. Nxd4 Nc6 5. Nc3 Qc7 6. Be3 a6 7. Bd3 Nf6 8.
O-O b5 9. Qe2 Bb7 10. Kh1 h5 11. f4 Ng4 12. Bg1 Nxd4 13. Bxd4 Bc5 14. Bxc5 Qxc5
15. Rae1 Qe7 16. h3 Qh4 17. Qf3 f5 18. Kg1 Rc8 19. Ne2 Nf6 20. Ng3 O-O 21. c3
g5 22. fxg5 Qxg5 23. Qf4 Qxf4 24. Rxf4 fxe4 25. Bxe4 Nxe4 26. Rxf8+ Kxf8 27.
Nxe4 Bxe4 28. Rxe4 Rc4 29. Rxc4 bxc4 30. Kf2 Ke7 31. Ke3 e5 32. b3 cxb3 33.
axb3 d5 34. Kd3 h4 35. Ke3 Kd6 36. Kf3 e4+ 37. Kf4 Kc5 38. g4 hxg3 39. Kxg3 a5
40. h4 Kd6 41. Kf4 Ke6 42. h5 Kf6 43. c4 dxc4 44. bxc4 a4 45. c5 a3 46. h6 a2
47. h7 Kg7 48. c6 a1=Q 0-1

[Event "VIII. Karnevals-Open"]
[Site "Solingen"]
[Date "2017.02.25"]
[Round "3.11"]
[White "Lukoviczki, Matyas"]
[Black "Gassmann, Dr. Volker"]
[Result "0-1"]
[WhiteElo "1782"]
[BlackElo "2155"]
[PlyCount "46"]
[EventDate "2017.??.??"]

1. e4 e6 2. f4 d5 3. Nc3 dxe4 4. Nxe4 Nf6 5. Ng3 Bd6 6. d4 O-O 7. Nh3 c5 8. c3
cxd4 9. Bd3 dxc3 10. O-O cxb2 11. Bxb2 Qb6+ 12. Rf2 Nbd7 13. Nh5 Be7 14. Ng5 g6
15. Bxf6 Nxf6 16. Nxf6+ Bxf6 17. Rb1 Qd4 18. h4 b6 19. h5 Rd8 20. Nxh7 Kxh7 21.
hxg6+ Kg7 22. Rb3 Bh4 23. gxf7 Qxf2+ 0-1

[Event "VIII. Karnevals-Open"]
[Site "Solingen"]
[Date "2017.02.25"]
[Round "3.12"]
[White "Lübeck, Dr. Stephan"]
[Black "Meckel, Helmut"]
[Result "0-1"]
[WhiteElo "1988"]
[BlackElo "1782"]
[PlyCount "72"]
[EventDate "2017.??.??"]

1. d4 Nf6 2. Nf3 e6 3. Bg5 c5 4. e3 Nc6 5. c3 cxd4 6. exd4 d5 7. Nbd2 Bd6 8.
Bd3 h6 9. Bh4 O-O 10. Qe2 e5 11. dxe5 Nxe5 12. Nxe5 Bxe5 13. O-O-O Re8 14. Bb5
Re6 15. Qd3 Qa5 16. Bxf6 Bxf6 17. Nb3 Qb6 18. Nd4 Bxd4 19. cxd4 Rf6 20. Rd2 Bf5
21. Qb3 Rc8+ 22. Kd1 a6 23. Be2 Qxb3+ 24. axb3 Rfc6 25. Ke1 Bc2 26. f3 Bxb3 27.
Kf2 Rc2 28. Rhd1 Rxd2 29. Rxd2 Rc2 30. Ke3 Rxd2 31. Kxd2 Bc4 32. Bxc4 dxc4 33.
Kc3 b5 34. Kb4 Kf8 35. Ka5 Ke7 36. Kxa6 b4 0-1

[Event "VIII. Karnevals-Open"]
[Site "Solingen"]
[Date "2017.02.25"]
[Round "3.13"]
[White "Brinkmann, Katharina"]
[Black "Schülke, Tilman"]
[Result "0-1"]
[WhiteElo "1777"]
[BlackElo "1949"]
[PlyCount "98"]
[EventDate "2017.??.??"]

1. d4 d6 2. c4 f5 3. Nc3 Nf6 4. Nf3 g6 5. Bg5 Nbd7 6. Qc2 Bg7 7. e3 c6 8. Bd3
e5 9. e4 f4 10. O-O-O O-O 11. dxe5 dxe5 12. h4 Qe8 13. Bxf6 Bxf6 14. g3 Bg7 15.
gxf4 Rxf4 16. Ng5 Nc5 17. h5 h6 18. Nh3 Rf3 19. Ng1 Rf8 20. hxg6 Qxg6 21. Be2
Bg4 22. f3 Be6 23. Nh3 Bxh3 24. Rxh3 Ne6 25. Rd7 Rf7 26. Qd1 Rxd7 27. Qxd7 Qf7
28. Qd1 Rd8 29. Qg1 Qf4+ 30. Kb1 Ng5 31. Rg3 b6 32. Qe1 Qd2 33. Qf2 Bf8 34. Rg1
Bc5 35. Rxg5+ hxg5 36. Qf1 Bb4 37. c5 Bxc3 38. Bc4+ Kg7 39. bxc3 Qd1+ 40. Qxd1
Rxd1+ 41. Kc2 Rg1 42. cxb6 axb6 43. Be6 Kf6 44. Bd7 Rf1 45. Bg4 Ke7 46. c4 Kd6
47. a4 Kc5 48. Kb3 Rb1+ 49. Kc3 Rb4 0-1

[Event "VIII. Karnevals-Open"]
[Site "Solingen"]
[Date "2017.02.25"]
[Round "3.14"]
[White "Weinkauf, Viktor"]
[Black "Boschek, Dr. Hans-Joachim"]
[Result "1-0"]
[WhiteElo "1713"]
[BlackElo "1946"]
[PlyCount "77"]
[EventDate "2017.??.??"]

1. d4 Nf6 2. c4 e6 3. g3 d5 4. Nf3 Bb4+ 5. Bd2 Be7 6. Bg2 O-O 7. O-O Nbd7 8.
Bf4 Nh5 9. Bc1 c6 10. Qc2 f5 11. b3 Ndf6 12. a4 Ne4 13. Ba3 Nd6 14. Nbd2 g5 15.
Ne5 g4 16. e3 a5 17. h3 gxh3 18. Bxh3 Ne4 19. Nxe4 fxe4 20. Bg4 Ng7 21. Kg2 Rf6
22. Rh1 Bxa3 23. Rxa3 Bd7 24. c5 Qe7 25. Raa1 Raf8 26. Raf1 Be8 27. Rh2 Bg6 28.
Qd2 Qd8 29. Rfh1 Rxf2+ 30. Qxf2 Rxf2+ 31. Kxf2 Qf6+ 32. Ke2 Bf5 33. Bh5 Nxh5
34. Rxh5 Bg4+ 35. Nxg4 Qf3+ 36. Kd2 Qxg4 37. Rxh7 Qxg3 38. Rh8+ Kf7 39. R1h7+
1-0

[Event "VIII. Karnevals-Open"]
[Site "Solingen"]
[Date "2017.02.25"]
[Round "3.15"]
[White "Schmuck, Markus"]
[Black "Müdder, Melanie"]
[Result "0-1"]
[WhiteElo "1945"]
[BlackElo "1745"]
[PlyCount "78"]
[EventDate "2017.??.??"]

1. d4 Nf6 2. Nf3 c5 3. c3 e6 4. Bg5 Be7 5. e3 O-O 6. Bd3 d5 7. Nbd2 Qc7 8. O-O
h6 9. Bh4 b6 10. Qe2 Bb7 11. Bg3 Bd6 12. Ne5 Nc6 13. f4 c4 14. Bc2 b5 15. b4 a5
16. a3 Ra7 17. e4 Nxe4 18. Nxe4 dxe4 19. Qxe4 f5 20. Qe3 Rfa8 21. Rad1 axb4 22.
Nxc6 Qxc6 23. Qxe6+ Kh8 24. Rf2 Rxa3 25. Qxf5 Kg8 26. Re1 Ra1 27. Rfe2 Rxe1+
28. Bxe1 Ra1 29. Be4 Qc8 30. Qh7+ Kf7 31. Qg6+ Kg8 32. Qh7+ Kf7 33. Bg6+ Kf6
34. Bc2 Qg4 35. Be4 Qxe2 36. Qg6+ Ke7 37. Qxg7+ Kd8 38. Qg8+ Kd7 39. Qf7+ Be7
0-1

[Event "VIII. Karnevals-Open"]
[Site "Solingen"]
[Date "2017.02.25"]
[Round "3.16"]
[White "Hufnagel, Markus"]
[Black "Vranidis, Athanassios"]
[Result "0-1"]
[WhiteElo "1680"]
[BlackElo "1936"]
[PlyCount "96"]
[EventDate "2017.??.??"]

1. c4 Nf6 2. Nc3 e6 3. g3 d5 4. cxd5 exd5 5. d4 c6 6. Bg2 Bd6 7. Nf3 Nbd7 8.
O-O O-O 9. Nd2 Re8 10. e4 dxe4 11. Ndxe4 Bc7 12. Bg5 h6 13. Be3 Nxe4 14. Nxe4
Nf6 15. Nxf6+ Qxf6 16. Qf3 Qxf3 17. Bxf3 Be6 18. b3 Rad8 19. Rac1 Bb6 20. Rfd1
Bd5 21. Be2 Rd7 22. Bg4 Be6 23. Bxe6 Rxe6 24. Rc3 Red6 25. Rcd3 Rd5 26. Kg2 c5
27. Rc1 cxd4 28. Bd2 Rc5 29. Rxc5 Bxc5 30. b4 Bb6 31. a4 a6 32. Kf3 f5 33. h4
Kf7 34. Bc1 Ke6 35. a5 Ba7 36. g4 fxg4+ 37. Ke4 Rf7 38. Bf4 g5 39. Bg3 gxh4 40.
Bxh4 Rc7 41. Rb3 Rc3 42. Rxc3 dxc3 43. Kd3 Kf5 44. Kxc3 Kf4 45. Kd2 Kf3 46. Ke1
Bb8 47. Bf6 Bd6 48. Bc3 Kg2 0-1

[Event "VIII. Karnevals-Open"]
[Site "Solingen"]
[Date "2017.02.25"]
[Round "3.17"]
[White "Borchert, Stephan"]
[Black "Toval, David"]
[Result "1/2-1/2"]
[WhiteElo "1934"]
[BlackElo "1739"]
[PlyCount "58"]
[EventDate "2017.??.??"]

1. e4 c5 2. Nf3 d6 3. d4 cxd4 4. Nxd4 Nf6 5. Nc3 a6 6. Bc4 e6 7. Bb3 Nbd7 8. f4
Nc5 9. f5 Nxb3 10. axb3 Be7 11. O-O O-O 12. Kh1 Qc7 13. Bg5 b5 14. Ndxb5 Qc5
15. Na3 exf5 16. Nc4 fxe4 17. Bxf6 Bxf6 18. Nxe4 Qc6 19. Nxf6+ gxf6 20. Rxf6
Bb7 21. Rf3 d5 22. Na5 Qc7 23. Qd4 f6 24. Nxb7 Qxb7 25. Raf1 Qc6 26. R1f2 Rae8
27. h4 Re4 28. Qa7 Rxh4+ 29. Kg1 Qd6 1/2-1/2

[Event "VIII. Karnevals-Open"]
[Site "Solingen"]
[Date "2017.02.25"]
[Round "3.18"]
[White "Holdsch, Peter-Michael"]
[Black "Hoefer, Severin-Paul"]
[Result "0-1"]
[WhiteElo "1598"]
[BlackElo "1933"]
[PlyCount "96"]
[EventDate "2017.??.??"]

1. c4 Nf6 2. Nc3 e6 3. g3 d5 4. cxd5 exd5 5. d4 Bd6 6. Bg2 c6 7. Nf3 O-O 8. O-O
Bf5 9. Nh4 Bg4 10. h3 Bh5 11. Bf3 Bxf3 12. exf3 Re8 13. Re1 Nbd7 14. Ng2 Nf8
15. Bf4 Rxe1+ 16. Qxe1 Ne6 17. Be5 Qe7 18. f4 Re8 19. Qd2 Bb4 20. f3 Nd7 21.
Re1 f6 22. Bc7 Qf8 23. Rxe6 Rxe6 24. f5 Re8 25. Nf4 Qe7 26. Ne6 Nf8 27. Nxf8
Kxf8 28. Qf4 Qe3+ 29. Qxe3 Rxe3 30. Kf2 Re8 31. a3 Bxc3 32. bxc3 Ke7 33. Ba5
Kd7 34. Bb4 b6 35. a4 a5 36. Ba3 b5 37. axb5 cxb5 38. g4 Kc6 39. Bc5 Rb8 40. h4
h6 41. Ke2 b4 42. cxb4 axb4 43. Kd2 Kb5 44. Kc2 Rc8 45. f4 Rxc5+ 46. dxc5 Kxc5
47. g5 Kc4 48. h5 d4 0-1